| 000 -CABECERA |
| fixed length control field |
01262nam a22002777i 4500 |
| 003 - IDENTIFICADOR DEL NÚMERO DE CONTROL |
| control field |
AR-CdUCM |
| 008 - DATOS DE LONGITUD FIJA--INFORMACIÓN GENERAL |
| fixed length control field |
240111b20222022pe ||||| |||| 00| 0 spa d |
| 040 ## - FUENTE DE LA CATALOGACIÓN |
| Agencia/entidad que catalogó originalmente la obra |
MUNICIPALIDAD PROVINCIAL DEL CUSCO |
| Entidad que transcribió la catalogación |
BIBLIOTECA MUNICIPAL DEL CUSCO |
| 082 ## - NÚMERO DE LA CLASIFICACIÓN DECIMAL DEWEY |
| No. de Clasificación |
343.2 / T41 |
| Notacion interna |
T41 |
| 100 ## - ENTRADA PRINCIPAL--NOMBRE DE PERSONA |
| Nombre Personal |
Terrazas González, Dunia Victoria |
| 245 ## - MENCIÓN DE TÍTULO |
| Título |
Balotario Constitucional Notarial - Una recopilación desde la jurisprudencia del Tribunal Constitucional / |
| 260 ## - PUBLICACIÓN, DISTRIBUCIÓN, ETC. |
| Lugar de publicación, distribución, etc. |
Cusco : |
| Fecha de publicación, distribución, etc. |
2022 |
| 300 ## - DESCRIPCIÓN FÍSICA |
| Nº de Páginas Extensión |
138 páginas. : |
| Dimensiones |
30 cm. |
| 500 ## - NOTA GENERAL |
| Bibliografía |
Bibliografía: páginas 137-138 |
| 505 ## - NOTA DE CONTENIDO CON FORMATO |
| Nota de contenido formateada |
La constitución -- Derechos constitucionales -- Igualdad ante la ley -- Servicios informáticos -- Libertad de conciencia y de religión -- Inviolabilidad de sus comunicaciones -- A trabajar libremente -- A la propiedad y a la herencia -- A su identidad étnica y cultural -- A la inviolabilidad del domicilio |
| 650 ## - PUNTO DE ACCESO ADICIONAL DE MATERIA--TÉRMINO DE MATERIA |
| Descriptor |
Derechos constitucionales |
| 9 (RLIN) |
49284 |
| 650 ## - PUNTO DE ACCESO ADICIONAL DE MATERIA--TÉRMINO DE MATERIA |
| Descriptor |
Igualdad ante la ley |
| 9 (RLIN) |
49285 |
| 650 ## - PUNTO DE ACCESO ADICIONAL DE MATERIA--TÉRMINO DE MATERIA |
| Descriptor |
Libertades |
| 9 (RLIN) |
49286 |
| 650 ## - PUNTO DE ACCESO ADICIONAL DE MATERIA--TÉRMINO DE MATERIA |
| Descriptor |
Honor |
| 9 (RLIN) |
49287 |
| 650 ## - PUNTO DE ACCESO ADICIONAL DE MATERIA--TÉRMINO DE MATERIA |
| Descriptor |
Reputación |
| 9 (RLIN) |
4824 |
| 650 ## - PUNTO DE ACCESO ADICIONAL DE MATERIA--TÉRMINO DE MATERIA |
| Descriptor |
Libertad intelectual |
| 9 (RLIN) |
49288 |
| 650 ## - PUNTO DE ACCESO ADICIONAL DE MATERIA--TÉRMINO DE MATERIA |
| Descriptor |
Convicciones políticas, filosóficas, religiosas |
| 9 (RLIN) |
49289 |
| 942 ## - ELEMENTOS DE PUNTO DE ACCESO ADICIONAL (KOHA) |
| Fuente de clasificación |
|
| Tipo de item |
Libros-BMC |
| 945 ## - PROCESAMIENTO DE INFORMACIÓN LOCAL (OCLC) |
| Catalogador |
pbj |
| AAAA-MM-DD - Fecha de ingreso o modificacion |
11-01-2024 |